And he taketh away (Record no. 78580)

MARC details
000 -LEADER
fixed length control field 00945cab a22002055a 4500
001 - CONTROL NUMBER
control field L137283
008 - FIXED-LENGTH DATA ELEMENTS--GENERAL INFORMATION
fixed length control field 070327e20070309xxk f 000 0 eng d
035 ## - SYSTEM CONTROL NUMBER
System control number (Sirsi) u137283
041 0# - LANGUAGE CODE
Language code of text/sound track or separate title eng
100 1# - MAIN ENTRY--PERSONAL NAME
Personal name Nock, R. S.
245 00 - TITLE STATEMENT
Title And he taketh away
260 ## - PUBLICATION, DISTRIBUTION, ETC.
Date of publication, distribution, etc. 2007
490 #0 - SERIES STATEMENT
Series statement SJ
Volume/sequential designation 181(10) 9 March 2007, 322-323(2)
520 ## - SUMMARY, ETC.
Summary, etc. Discusses the introduction by HM Revenue and Customs of the Finance Act 2003 s75A through the Stamp Duty Land Tax (Variation of the Finance Act 2003) Regulations 2006 which intended to prevent the avoidance of land tax stamp duty. Argues that this legislation in fact offers new techniques, previously blocked by other legislation, for mitigating stamp duty land tax.
590 ## - LOCAL NOTE (RLIN)
Local note KA
650 24 - SUBJECT ADDED ENTRY--TOPICAL TERM
Topical term or geographic name entry element STAMP DUTY LAND TAX (VARIATION OF THE FINANCE ACT 2003) REGULATIONS 2006
651 #4 - SUBJECT ADDED ENTRY--GEOGRAPHIC NAME
Geographic name GREAT BRITAIN
690 ## - LOCAL SUBJECT ADDED ENTRY--TOPICAL TERM (OCLC, RLIN)
Topical term or geographic name as entry element PROPERTY-PROPERTY TAXATION-STAMP DUTY LAND TAX SDLT
942 ## - ADDED ENTRY ELEMENTS (KOHA)
Suppress in OPAC 0
Holdings
Withdrawn status Lost status Source of classification or shelving scheme Damaged status Not for loan Home library Current library Shelving location Date acquired Total Checkouts Full call number Barcode Date last seen Copy number Price effective from Koha item type
    Dewey Decimal Classification     London London Journal article 27/03/2007   L137283 137283-1001 06/08/2019 1 06/08/2019 Journal article